000 00618nam a2200205 i 4500
001 24477
003 ES-MaACL
005 20250817040627.0
007 t|
008 021217s1964 sp ||||1| spa d
100 1 _aAndreu, Pierre.
_921637
245 1 0 _aHistoria de los sacerdotes obreros /
_cPierre Andreu ; [traducida por M.T. Vernet].
260 _aBarcelona :
_bEler,
_c1964.
300 _a245 p. ;
_c19 cm.
490 1 _aEler ;
_v19
700 1 _aVernet, MarĂ­a Teresa,
_d1907-1974
_9114173
830 0 _aEler ;
_v19
_9181476
852 _aES-MaACL
_jC-20174
_bR.55440
999 _c24477
_d24477